| 000 | 01346nam a2200253Ia 4500 | ||
|---|---|---|---|
| 999 |
_c41508 _d41508 |
||
| 001 | 8175 | ||
| 003 | GE_BSU | ||
| 005 | 20240122142859.0 | ||
| 008 | 181216s1989||||ge |||||||||||||| ||geo|| | ||
| 040 | _cGE_BSU | ||
| 041 | _ageo | ||
| 080 | _a821.353.1-141 დ-15 | ||
| 100 |
_aდავით IV, აღმაშენებელი. _921082 |
||
| 245 |
_aგალობანი სინანულისანი = Покаянный канон = Reuegesange / _cდავით აღმაშენებელი; [წინასიტყვ. ავტ. ლ. გრიგოლაშვილი; რედ. გ. თევზაძე]. |
||
| 264 |
_aთბილისი: _bთბილ. უნ-ტის გამ-ბა, _c1989. |
||
| 300 |
_a47 გვ.; _b20 სმ. |
||
| 653 | _aგალობანი სინანულისანი | ||
| 653 | _aქართული ფილოსოფიური ლირიკა | ||
| 653 | _aქართული სასულიერო ლირიკა | ||
| 653 | _aქრისტიანული ლიტერატურა | ||
| 700 |
_aთევზაძე, გ. _eრედაქტორი _921083 |
||
| 700 |
_aგრიგოლაშვილი, ლ., _eწინასიტყვაობის ავტორი. _914532 |
||
| 942 |
_cBK _2udc |
||